مكتبة جامعة عجلون الوطنية

فهرس بحث المكتبة

Normal view MARC view
  • الثورة العربية الكبرى-تاريخ-الصحافة المصرية

Entry Topical Term

Number of records used in: 1

001 - CONTROL NUMBER

  • control field: 59486

003 - CONTROL NUMBER IDENTIFIER

  • control field: JO-AjAnu

005 - DATE AND TIME OF LATEST TRANSACTION

  • control field: 20230606083728.0

008 - FIXED-LENGTH DATA ELEMENTS

  • fixed length control field: 230606|| aca||aabn | a|a d

040 ## - CATALOGING SOURCE

  • Original cataloging agency: JO-AjAnu
  • Transcribing agency: JO-AjAnu

150 ## - HEADING--TOPICAL TERM

  • Topical term or geographic name entry element: الثورة العربية الكبرى-تاريخ-الصحافة المصرية

670 ## - SOURCE DATA FOUND

  • Source citation: Work cat.: (JO-AjAnu)30339: جمع وتحقيق ودراسة محمود، ايمن احمد؛ شراف محمد عدنان البخيت، هند غسان ابو الشعر, author 59485, أخبار الثورة العربية الكبرى في الصحافة المصرية 1916-1918م